| 000 | 00906nam a2200289Ia 4500 | ||
|---|---|---|---|
| 001 | C5263 | ||
| 003 | IT-RoPAU | ||
| 008 | 130308s9999 xx 000 0 und d | ||
| 040 | _aIT-RoPAU | ||
| 040 | _cIT-RoPAU | ||
| 041 | _aFRANCESE | ||
| 100 | _aTheriault Jean-Yves | ||
| 100 | _gCodice Aut. SPICS: 24930 | ||
| 245 | _aQuelques notes pour la lecture de Marc 11,12-14 | ||
| 245 | _bTemps de la Lecture (Le)-Exegese biblique et Semiotique | ||
| 250 | _a1a ed. | ||
| 260 | _aPARIS | ||
| 260 | _bCerf | ||
| 260 | _c1993 [1° Ed.:1993 - Ed.Ling.Originale:1993] | ||
| 300 | _a"12 p. (prefazione: no ; testo: 12 [pagine: 203-214])" | ||
| 500 | _aAlcune Note per la Lettura di Marco 11,12/14. Tempo di Gesu' Non è Quellodel Fico. Organizzazione delle Giornate. collera di Gesu'? | ||
| 650 | _aSEMANTICA | ||
| 650 | _eCodice materia Spics: 3301 | ||
| 942 | _cBK | ||
| 957 | _71 | ||
| 999 |
_c78591 _d78591 |
||
| 999 | _g1 | ||